000 00958cab a2200205 4500
001 ABS55132
008 090401t1996 xxu||||| |||| 00| 0 eng d
035 _a(Sirsi) u14426
041 _aeng
245 _aDistribution property
260 _c1996
300 _aLoan
350 _a0
490 _aEstates Gazette
_v(9620) 18 May 1996, (28)
520 _aA series of articles reviewing the present state of the market for distribution property and the influences upon it. Market reviews for the `golden triangle` of the Midlands, lack of attraction of the sector for investors. Difficulties of convincing planners that distribution is a useful addition to the business mix, impact of changes to goods vehicles operators` licences, design issues, operating costs as an influence in deciding how to proceed. Profiles Christian Salvesen.
650 _aDISTRIBUTION PROPERTY
690 _aPROPERTY-COMMERCIAL PROPERTY
942 _n0
948 _c04/03/1997
999 _c9398
_d9398